| 000 | 00554nam a2200157 a 4500 | ||
|---|---|---|---|
| 001 | 000012522 | ||
| 005 | 20200929163031.0 | ||
| 008 | 091113s1997 dr a 000 0 spa d | ||
| 040 |
_aDO-SdBNP _bspa _cBNPHU |
||
| 100 | 1 |
_aMejía Vallejo, Fausto Ramón _920492 |
|
| 245 | 1 | 0 |
_aJesucristo evangelio viviente del padre / _cFausto Ramón Mejía Vallejo, José Salvador Mejía ; prólogo P. Mateo Andrés. |
| 250 | _a3a ed. | ||
| 260 |
_aSanto Domingo : _bEdiciones MSC, _c1997. |
||
| 300 |
_a173. _ails. ; _c23 cm. |
||
| 700 | 1 |
_aAndrés, P. Mateo, _epról. _929233 |
|
| 999 |
_c12177 _d12177 |
||